Structural Analysis: A matrix Approach (Record no. 55567)

MARC details
000 -LEADER
fixed length control field 00464nam a2200193Ia 4500
005 - DATE AND TIME OF LATEST TRANSACTION
control field 20230705160110.0
008 - FIXED-LENGTH DATA ELEMENTS--GENERAL INFORMATION
fixed length control field 230524s9999 xx 000 0 und d
020 ## - INTERNATIONAL STANDARD BOOK NUMBER
ISBN 9780070667358
082 ## - DEWEY DECIMAL CLASSIFICATION NUMBER
Item number "xviii,589p;"
100 ## - MAIN ENTRY--AUTHOR NAME
Personal name G.S. Pandit
245 #0 - TITLE STATEMENT
Title Structural Analysis: A matrix Approach
250 ## - EDITION STATEMENT
Edition statement 2
260 ## - PUBLICATION, DISTRIBUTION, ETC. (IMPRINT)
Place of publication New Delhi
Name of publisher TMH
Year of publication 2012
300 ## - PHYSICAL DESCRIPTION
Number of Pages "x,589p;"
500 ## - GENERAL NOTE
General note Quantity Number: 2
650 ## - SUBJECT ADDED ENTRY--TOPICAL TERM
Topical Term Civil
700 ## - ADDED ENTRY--PERSONAL NAME
Personal name S.P.Gupta
942 ## - ADDED ENTRY ELEMENTS (KOHA)
Koha item type Books
Holdings
Lost status Damaged status Permanent Location Current Location Shelving location Date acquired Full call number Accession Number Koha item type
    Central Library, Trident Academy of Technology Central Library, Trident Academy of Technology General Stacks 05/24/2023 " xviii,589p;" 52947 Books
    Central Library, Trident Academy of Technology Central Library, Trident Academy of Technology General Stacks 05/24/2023 " xviii,589p;" 52948 Books
Trident Academy of Technology © 2023.
All rights reserved.                                                                                                                                                                                                        Designed by Team of Central Library .

Powered by Koha